LEADER 00954nam a2200253 i 4500 001 000000045809 003 CaOOAMICUS 005 20090615000000.0 008 090615s1979 xx u000 u spa u 013 $a16979 020 $a84-321-1977-6 040 $aSeMil$bita 100 1 $aRodríguez, Pedro.$0(OLS)http://semarc/name/22768 245 10$aIglesia y ecumenismo /$cPedro Rodríguez. 260 $aMadrid :$bRialp,$ccopyr. 1979. 300 $a418 p. ;$c20 cm. 490 0 $aNaturaleza y Historia ;$v46 650 4$aEcumenismo.$0(OLS)http://semarc/subject/3071 830 0$aNaturaleza y Historia ;$v46.$0(OLS)http://semarc/title/20646 850 $aSeMil 852 $aSeMil$W1$xVenegono$y1$m2A II 296$j11964$B11964$CSeMilBibl$Z2$F11964 $81 996 $6020$a84-321-1977-6$9(OLS)http://semarc/number/18126 996 $6245$aIglesia y ecumenismo$9(OLS)http://semarc/title/68264 996 $6260$aMadrid :$bRialp$9(OLS)http://semarc/publisher/31849 LEADER 00981nam a2200193 4500 001 000000356804 003 CaOOAMICUS 005 20240118124933.0 008 240118s1667 it a 000 u ita r 040 $aSeMil$bita 100 11$aLoredan, Giovanni Francesco,$d<1607-1661>.$0(OLS)http://semarc/name/118963 245 10$aOpere di Gio. Francesco Loredano, nobile veneto. Divise in otto volumi ... 264 1$aVenetia :$bappresso i Guerigli,$c1667. 300 $a8 v. :$bill. ;$c24° 700 1 $aGuerigli, Giovanni,$c.$0(OLS)http://semarc/name/12686 774 0 $aLoredan, Giovanni Francesco <1607-1661>$tScherzi geniali prima parte; Scherzi geniali seconda parte; Dianea.$dVenetia : appresso i Guerigli, 1667.$w()356805 996 $6245$aOpere di Gio. Francesco Loredano, nobile veneto. Divise in otto volumi ...$9(OLS)http://semarc/title/447049 996 $6264$aVenetia :$bappresso i Guerigli$9(OLS)http://semarc/publisher/61480